| 000 | 00000nam##2200000za#4500 |
| 001 | 9.658404 |
| 003 | CaOODSP |
| 005 | 20250611103615 |
| 007 | ta |
| 008 | 150407|1996||||xxc||||| f|0| 0 fre|d |
| 020 | |a0-662-62326-6 |
| 040 | |aCaOODSP|bfre |
| 041 | |aeng |
| 041 | |afre |
| 043 | |an-cn--- |
| 086 | 1 |aA22-164/1996 |
| 110 | 1 |aCanada. |bAgriculture et agroalimentaire Canada. |
| 245 | 10|aLes sciences et la technologie à l'aube du XXe siècle : |bplan d'action d'Agriculture et Agroalimentaire Canada |
| 260 | |aOttawa - Ontario : |bAgriculture et Agroalimentaire Canada |c1996. |
| 300 | |aTexte français, 9p. : |bgraphiques ; |c28 cm. |
| 563 | |aCouverture souple |
| 590 | |a96-16|b1996-04-19 |
| 691 | 07|aPolitique agricole|2gcpds |
| 776 | 0#|tLes sciences et la technologie à l'aube du XXe siècle : |w(CaOODSP)9.644269 |
| 776 | 0#|tScience and technology for the new century : |w(CaOODSP)9.700372 |
| 791 | |tScience and technology for the new century : |eeng|w(CaOODSP)9.658403 |
| 986 | |aPublication 1919/B |